Holderlin y la revolución francesa

Uloženo v:
Podrobná bibliografie
Hlavní autor: Bertaux, Pierre (Autor)
Médium: Kniha
Jazyk:španělština
Vydáno: Barcelona Del Serbal 1992
Edice:Delos, 5
Témata:
Tagy: Přidat tag
Žádné tagy, Buďte první, kdo vytvoří štítek k tomuto záznamu!

MARC

LEADER 00000cam a2200000 a 4500
001 UCI5312
003 CL-VaPUC
008 080320e19920000SP |||||||||||||||||spa|d
020 |a 8476280858 
082 0 4 |a 831.9  |b BER  |2 21 
100 0 |a Bertaux, Pierre  |e author  |9 527612 
245 1 0 |a Holderlin y la revolución francesa 
300 |a 194 p 
942 |c BK 
945 |d 20080320 00:00:00  |a rbrito 
260 |a Barcelona  |b Del Serbal  |c 1992 
600 0 7 |a HOLDERLIN, FRIEDRICH  |2 CL-VaPUC  |9 265116 
650 7 |a POESIA ALEMANA  |2 CL-VaPUC  |9 527613 
650 0 |a Crítica literaria   |9 269189 
650 0 |a Historia y crítica   |9 257407 
583 |a last modification  |c 20160620 04:12:33  |k Rodrigo Vera 
490 0 |a Delos, 5 
999 |c 329065  |d 329063 
952 |0 0  |1 0  |4 0  |6 831_900000000000000_BER_1992  |7 0  |8 A  |9 413380  |a BIBART  |b BIBART  |d 2019-11-22  |i 441814K  |o 831.9 BER 1992  |p 441814K  |r 2025-03-13  |w 2019-11-22  |y BK  |k ART 
952 |0 0  |1 0  |4 0  |6 831_900000000000000_BER_1992  |7 0  |8 A  |9 413381  |a FDOPOS  |b FDOPOS  |d 2019-11-22  |i 4719441  |o 831.9 BER 1992  |p 4719441  |r 2025-01-22  |w 2019-11-22  |y BK  |k DLH 
952 |0 0  |1 0  |3 erb  |4 0  |6 831_900000000000000_BER_1992  |7 0  |8 A  |9 413382  |a FDOHBE  |b FDOHBE  |e Huesbe Llanos, Marco Antonio, 1934-  |i 5333288  |o 831.9 BER 1992  |p 5333288  |r 2024-01-30  |w 2019-11-22  |y BK  |z Catalogado en:20160623  |k HBE